Auditing and assurance : (Record no. 66603)

MARC details
000 -LEADER
fixed length control field 00764nam a22002297a 4500
005 - DATE AND TIME OF LATEST TRANSACTION
control field 20130404121859.0
010 ## - LCCN (DPL NO)
LC control number ENG-105268
020 ## - INTERNATIONAL STANDARD BOOK NUMBER
International Standard Book Number 9788120345669
Terms of availability 275.00
035 ## - SYSTEM CONTROL NUMBER
System control number EN-88801
035 ## - SYSTEM CONTROL NUMBER
System control number B-489846-849
037 ## - SOURCE OF ACQUISITION
Source of stock number/acquisition DBAD / PUB
037 ## - SOURCE OF ACQUISITION
Source of stock number/acquisition BSB/Ven
082 ## - DEWEY DECIMAL CLASSIFICATION NUMBER
Classification number 657.45
100 ## - MAIN ENTRY--PERSONAL NAME
Personal name Gomez, Clifford
245 ## - TITLE STATEMENT
Title Auditing and assurance :
Statement of responsibility, etc by Clifford Gomez
Remainder of title theory and practice /
260 ## - PUBLICATION, DISTRIBUTION, ETC. (IMPRINT)
Place of publication, distribution, etc New Delhi
Name of publisher, distributor, etc PHI Learning
Date of publication, distribution, etc 2012
270 ## - ADDRESS
Address M-97, Connaught Circus
City New Delhi
Postal code 110001
300 ## - PHYSICAL DESCRIPTION
Extent xxii,314p.
Dimensions 24cm(pbk)
500 ## - GENERAL NOTE
General note Includes bibliographical references and index.
942 ## - ADDED ENTRY ELEMENTS (KOHA)
Source of classification or shelving scheme Dewey Decimal Classification
Item type English Books
Call number suffix GOM
Classification part 657.45
Holdings
Withdrawn status Lost status Not for loan Collection code Home library Current library Date acquired Source of acquisition Cost, normal purchase price Full call number Barcode Copy number Cost, replacement price Koha item type
    Not For Loan Non-fiction D.B.Act.Division D.B.Act.Division 14/05/2012 DBAD/PUB 275.00 657.45 GOM EN-88801 1 275.00 English Books
      Non-fiction Janak Puri Janak Puri 04/04/2013 BSB/592/01.01.2013/115/18.12.2012/08.01.2013 275.00 657.45 GOM B-489847 1 275.00 English Books
      Non-fiction Patel Nagar Patel Nagar 04/04/2013 BSB/592/01.01.2013/115/18.12.2012/08.01.2013 275.00 657.45 GOM B-489846 1 275.00 English Books
      Non-fiction Sarojini Nagar Sarojini Nagar 04/04/2013 BSB/592/01.01.2013/115/18.12.2012/08.01.2013 275.00 657.45 GOM B-489848 1 275.00 English Books
      Non-fiction Vinoba Puri Vinoba Puri 04/04/2013 BSB/592/01.01.2013/115/18.12.2012/08.01.2013 275.00 657.45 GOM B-489849 1 275.00 English Books

© Delhi Public Library
Hit Counter
free hit counter